Statistiken für Pokemon Generation 8 german

Klicken Sie hier um das Quiz zu spielen!

Allgemein

  • Dieses Quiz wurde 695 mal gespielt
    (308 seit der letzten Aktualisierung)
  • Das Durchschnittsergebnis liegt bei 51 aus 89

Antwortstatistiken

Antwort% Korrekt
Hopplo
96%
Liberlo
93%
Chimpep
91%
Intelleon
87%
Memmeon
87%
Kickerlo
86%
Zacian
85%
Chimstix
84%
Gortrom
84%
Zamazenta
84%
Meikro
80%
Endynalos
78%
Krarmor
77%
Phlegleon
76%
Raffel
74%
Schlaraffel
72%
Wolly
70%
Regidrago
68%
Zwollock
67%
Katapuldra
66%
Regieleki
66%
Barrikadax
64%
Mauzinger
63%
Lauchzelot
62%
Pantifrost
62%
Phantoross
61%
Polaross
61%
Voldi
61%
Kamehaps
60%
Drapfel
59%
Duraludon
59%
Grolldra
59%
Montecarbo
59%
Thermopod
59%
Bellektro
58%
Coronospa
58%
Infernopod
58%
Sensect
58%
Kamalm
57%
Knapfel
57%
Oghnatoll
57%
Phandra
57%
Schlapfel
57%
Wagong
57%
Bähmon
55%
Gorgasonn
54%
Lecryodon
54%
Pescryodon
54%
Olangaar
53%
Pescragon
53%
Wulaosu
53%
Zarude
53%
Lectragon
52%
Pelzebub
52%
Cottini
51%
Cottomi
51%
Maritellit
51%
Morpeko
51%
Dakuma
49%
Klonkett
49%
Kleptifux
48%
Kaocto
46%
Klopptopus
46%
Silembrim
46%
Snomnom
46%
Barrakiefa
45%
Brimova
45%
Keradar
45%
Pikuda
45%
Urgl
44%
Kupfanti
43%
Mottineva
43%
Fatalitee
42%
Legios
42%
Riffex
42%
Gaunux
41%
Hokumil
41%
Kravoniz
41%
Mortipot
41%
Pokusan
41%
Toxel
41%
Brimano
40%
Humanolith
39%
Kubuin
39%
Patinaraja
39%
Sanaconda
39%
Salanga
37%
Britzigel
34%
Servol
32%

Verteilung der Resultate

Perzentil nach korrekt beantworteten Fragen

Anzahl Personen mit jedem Resultat

Ihre Resultats-Entwicklung

Sie haben dieses Quiz seit der letzten Aktualisierung nicht gespielt